000 00334nam a2200145Ia 4500
999 _c14085
_d14085
003 OSt
005 20260327151918.0
008 260210s9999 xx 000 0 und d
020 _a9787500670711
082 _a741.6
100 _aChina Youth Press
245 0 _aBranding Design 2
260 _bChina Youth Press
942 _cBDES
_2ddc